1135 1957 1379 1149 1446 1533 1865 1633 1572 1627 1289 1671 1647 1554 1312 1638 1003 1900 1032 1768 1698 1966 1870 1530 1117 1621 1617 1492 1480 1771 1104 1240 1004 1491 1188 1514 1559 1448 1078 1871 1134 1602 1783 1016 1139 1055 1196 1351 1435 1236 1101 1510 1230 1089 1937 1504 1450 1823 1199 1497 1626 1583 1848 1022 1777 1906 1008 1538 1375 1548 1587 1383 1157 1271 1045 1697 1319 1493 1212 1449 1774 1868 1771 1021 1033 1458 1621 1658 1047 1136 1696 1764 1111 1181 1773 1313 1986 1329 1586 BCNSPRNW ULIB Ver.6.0+V

เปลี่ยนเป็นภาษาไทย

Change to English
 แสดงรายละเอียดบรรณานุกรม
  กลับหน้าหลัก

Brief Record : Get Marc (ISO 2709) : E-mail record : QR code < ปิดหน้าต่าง
LEADER : 00000nam 2200000uu 4500
001    13399124465
003     ULIB
008    150726s2548||||th 000 0 tha d
020    ^a9789749907719
090    ^aนว.^bร930ฮ ล.6
100 0  ^aโรว์ลิ่ง, เจ.เค.
245 00 ^aแฮร์รี่ พอตเตอร์ กับเจ้าชายเลือดผสม เล่ม 6/^cโรว์ลิ่ง, เจ.เค.
250    ^aพิมพ์ครั้งที่ 1
260    ^aกรุงเทพฯ :^bนานมีบุ๊คส์,^c2548
300    ^a680 หน้า
710 1  ^aนานมีบุ๊คส์
945    ^p395^l0^i021007
999    ^aเกษร โพธิ์สุวรรณ
รายการนี้ยังไม่มีแท็ก
คุณยังไม่ได้ล็อกอิน คุณสามารถมีกิจกรรมร่วมกับเว็บไซต์ได้ แต่ต้องล็อกอินก่อน ::
  ล็อกอิน

รายการสื่อสารสนเทศ

ลำดับที่ ประเภท เลขเรียก/บาร์โค้ด สถานที่ สถานะ
1. นวนิยาย
นวนิยาย
นว. ร930ฮ ล.6 ฉ.1 
  Barcode: 021007
ห้องสมุดวิทยาเขตสวรรค์ประชารักษ์
►นวนิยาย
บนชั้น
  ขอยืม

รายการใกล้เคียง
    ผู้แต่ง [โรว์ลิ่ง, เจ.เค.]

BibComment


ยังไม่เคยถูกคอมเมนท์

คอมเมนท์ทรัพยากรรายการนี้
  คอมเมนท์: แฮร์รี่ พอตเตอร์..


 Copyright 2026. Bcnsprnw @Library